00623cam a22002297a 4500003000500000005001700005008004100022010000900063011000900072035000900081040000900090082001400099100001700113245008400130260004000214300002000254500001100274650004000285650003400325700001700359700001700376CHAP20220329133514.0971013s1992 enka r 00010 eng d a7144 a8116 a7341 cCHAP04a636.3bL900aLynch, J. J.14aThe behaviour of sheepb: biological principles and implications for production aOxon :bC.A.B. International,c1992 a237 p.b: ilus. a64-11114aGanado lanarxHábitos y conducta.14aGanado lanarxReproducción.0 aAdams, D. B.0 aHinch, G. N.